000
00318nam a22001337a 4500
005
20250314093041.0
008
250314b |||||||| |||| 00| 0 eng d
020
_a
9781505047844
050
_a
QL 122.2.U53
100
_a
BENDON
245
_a
FUN FACTSV UNDER THE SEA
260
_a
OHIO
_b
BENDONPUB
942
_2
lcc
_c
BK
999
_c
215075
_d
215075